000 00319nam a2200133 i 4500
001 bg
100 1 _aHordeski, Michael F.
245 0 _aCommunications Networks /
_cM.F. Hordeski.
260 _aBlue Ridge Summit,
_c1989.
040 _cBPK
041 _apol
942 _cKS
008 s pl f |000 0 pol
999 _c29752
_d29752
856 _uhttp://koha.tu.koszalin.pl/cgi-bin/koha/opac-detail.pl?biblionumber=29752
_yKatalog online BPK